01575nam a2200265Ia 4500001001100000003000500011008004100016010001100057020021400068040000900282082002000291245006000311260005500371300000900426505057700435650002601012650001501038650003201053650003401085700003401119700004201153700004701195700003201242700003501274Para_10261CHAP220125s2013 xx 000 0 und d a208949 a9789684182769 (Colección) \ 9789684182776 (v.1) \ 9789684182783 (v.2) \ 9789684182790 (v.3) \ 9789684182806 (v.4) \ 9789684182813 (v.5) \ 9789684182820 (v.6) \ 9789684182837 (v.7) \ 9789684182844 (v.8) cCHAP aPA 410 P63 2013 aEl poder del lenguaje /c Haydée de Parra... [et al] aMéxico :b Ediciones Culturales Internacionales a8 v. aContenido: v. 1. La gramática y sus componentes / Haydée de Parra -- v. 2. Los verbos y sus conjugaciones : 100 modelos conjugados y más de 10,000 verbos de uso cotidiano / Haydée de Parra -- v. 3. Escribir bien / Gloria María Sierra V. -- v. 4. Reglas de ortografía / Haydée de Parra -- v. 5. Aumente su vocabulario / Haydée de Parra -- v. 6. Análisis de lectura y escritos / Carlos Andrés Montañés -- v. 7. Estudiar, comprender y memorizar / Patricia Nieto -- v. 8. Hablar en público : ¡comunique, impacte y convenza / Andrés montañés G. aComunicación oral  aEscritura. aEspañol xx Enseñanza  aEspañol. xx Ortografía  aI.Parra de, Haydée, coaut.  aII.Sierra V., Gloria María, coaut.  aIII.Montañés, Carlos Andrés, coaut.  aIV.Nieto, Patricia, coaut.  aV.Muñoz G., Andrés, coaut.